<?xml version="1.0" encoding="UTF-8"?>
<record
    xmlns:xsi="http://www.w3.org/2001/XMLSchema-instance"
    xsi:schemaLocation="http://www.loc.gov/MARC21/slim http://www.loc.gov/standards/marcxml/schema/MARC21slim.xsd"
    xmlns="http://www.loc.gov/MARC21/slim">

  <leader>05049cam a22005054i 4500</leader>
  <controlfield tag="003">PE-LiUPU</controlfield>
  <controlfield tag="005">20250731173427.0</controlfield>
  <controlfield tag="008">150706s                r     000 0     d</controlfield>
  <datafield tag="020" ind1=" " ind2=" ">
    <subfield code="a">9780881134278</subfield>
  </datafield>
  <datafield tag="035" ind1=" " ind2=" ">
    <subfield code="a">(Sirsi) i9780881134278</subfield>
  </datafield>
  <datafield tag="040" ind1=" " ind2=" ">
    <subfield code="a">PE-LiUPU</subfield>
    <subfield code="b">spa</subfield>
    <subfield code="c">PE-LiUPU</subfield>
    <subfield code="e">rda</subfield>
  </datafield>
  <datafield tag="049" ind1=" " ind2=" ">
    <subfield code="a">PRUA</subfield>
  </datafield>
  <datafield tag="082" ind1="0" ind2="4">
    <subfield code="a">248.4</subfield>
    <subfield code="b">M27</subfield>
    <subfield code="2">21</subfield>
  </datafield>
  <datafield tag="100" ind1="1" ind2=" ">
    <subfield code="a">Mason, John,</subfield>
    <subfield code="d">1955- ,</subfield>
    <subfield code="e">autor.</subfield>
  </datafield>
  <datafield tag="245" ind1="1" ind2="3">
    <subfield code="a">La imitaci&#xF3;n es limitaci&#xF3;n /</subfield>
    <subfield code="c">John Mason ; traduccido por Raquel Monsalve.</subfield>
  </datafield>
  <datafield tag="264" ind1=" " ind2="1">
    <subfield code="a">Nashville :</subfield>
    <subfield code="b">Grupo Nelson,</subfield>
    <subfield code="c">2005.</subfield>
  </datafield>
  <datafield tag="300" ind1=" " ind2=" ">
    <subfield code="a">190 p&#xE1;ginas :</subfield>
    <subfield code="b">ilustraciones ;</subfield>
    <subfield code="c">21 cm.</subfield>
  </datafield>
  <datafield tag="336" ind1=" " ind2=" ">
    <subfield code="a">text</subfield>
    <subfield code="2">rdacontent</subfield>
  </datafield>
  <datafield tag="337" ind1=" " ind2=" ">
    <subfield code="a">unmediated</subfield>
    <subfield code="2">rdamedia</subfield>
  </datafield>
  <datafield tag="338" ind1=" " ind2=" ">
    <subfield code="a">volume</subfield>
    <subfield code="2">rdacarrier</subfield>
  </datafield>
  <datafield tag="500" ind1=" " ind2=" ">
    <subfield code="a">T&#xED;tulo en ingl&#xE9;s: Imitation is Limitation.</subfield>
  </datafield>
  <datafield tag="505" ind1="0" ind2=" ">
    <subfield code="a">Si usted no es usted, entonces, &#xBF;qui&#xE9;n va a ser? -- Las excusas mienten -- No haga un caso contra s&#xED; mismo -- El entusiasmo lo lleva adonde el talento solo no puede llevarlo -- Thomas Edison le ten&#xED;a miedo a la oscuridad -- La honestidad sigue siendo la mejor norma -- Cuando todo lo dem&#xE1;s falla, la persistencia prevalece -- El destino atrae -- Usted solo puede vivir el d&#xED;a de hoy -- Sea un poco m&#xE1;s amable de lo que es necesario -- Un parqu&#xED;metro nos recuerda que perdemos dinero cuando estamos parados sin movernos -- Haga algo -- No se detenga con m&#xE1;s velocidad del que us&#xF3; para comenzar -- Usted no puede hacer que un cerdo deje de revolcarse en el barro -- No es que la gente fracasa mucho, sino que abandona con demasiada facilidad -- Usted tiene el potencial y la oportunidad para el &#xE9;xito -- Usted crece hasta el punto en que cede -- El cambio es algo que forma parte de nuestra vida -- Sus palabras reflejan lo cree acerca de su futuro -- La persona que no espera nada nunca va a ser desilusionada -- Cuando usted agranda la verdad, siempre le va a lastimar -- No deje que sus remordimientos reemplacen sus sue&#xF1;os -- Convi&#xE9;rtase en una autoridad de alguna cosa -- Use su tiempo y su energ&#xED;a creando, no criticando -- Lo que nos impulsa no es algo que simplemente sucede -- Comience en alguna parte -- Atr&#xE9;vase a alcanzar m&#xE1;s all&#xE1; de s&#xED; mismo -- Las fuertes convicciones preceden a las grandes acciones -- La recompensa de la conformidad es que usted le gusta a todo el mundo pero no gusta de s&#xED; mismo -- "Yo sol&#xED;a ser indeciso, pero ahora no estoy seguro" -- Cuando caiga, aproveche para recoger algo -- Sea el primero en perdonar -- La gente que se arriesga es la que lo va a derrotar -- M&#xE1;s bendecido es dar. que ninguna otra cosa -- La comparaci&#xF3;n no prueba nada -- Invierta en otras personas -- El tiempo vuela, as&#xED; que no lo deje escapar -- Si espera, tal vez sea demasiado tarde -- La excelencia nunca es una sorpresa -- Las oportunidades se ocultan detr&#xE1;s de los obst&#xE1;culos -- Invente algo o mej&#xF3;relo -- Las cr&#xED;ticas son un elogio cuando usted est&#xE1; haciendo lo correcto -- La envidia les tira a otras personas y se hiere a s&#xED; misma -- Los verdaderos ganadores contin&#xFA;an ganando -- El entusiasmo sale de adentro -- El temor es la fe al reverso -- Arri&#xE9;sguese, el que no se aventura no cruza el mar -- La pasi&#xF3;n es muy poderosa -- Hay mucho m&#xE1;s en la vida que aumentar su velocidad -- Las oportunidades est&#xE1;n en todos los lugares en que est&#xE1; usted -- Perd&#xF3;nelos, eso es precisamente lo que sus enemigos no quieren que haga -- &#xBF;Est&#xE1; tratando de avanzar en un punto muerto? -- Lo desaf&#xED;o a que viva por fe -- No es justo hacer comparaciones -- El conocimiento no habla en voz alta -- &#xBF;Qu&#xE9; fuerza es m&#xE1;s poderosa que el amor? -- Sea como una sart&#xE9;n de tefl&#xF3;n, no deje que nada se le pegue -- Cuando Dios es n&#xFA;mero Uno, todo lo dem&#xE1;s viene por a&#xF1;adidura -- Algunas veces, cuanto m&#xE1;s hace, tanto menos logra -- Usted puede alcanzar el &#xE9;xito mejor y con m&#xE1;s rapidez si ayuda a otros a tenerlo -- Col&#xF3;quese en la posici&#xF3;n de recibir, no de resistir -- Dios se regocija en usted -- A toda persona de &#xE9;xito la est&#xE1; ayudando alguien -- La fe es como un cepillo de dientes: &#xFA;selo todos los d&#xED;as, pero no use el de otra persona -- Al final de la vida, nadie dice que quisiera haber pasado m&#xE1;s tiempo en la oficina.</subfield>
  </datafield>
  <datafield tag="526" ind1=" " ind2=" ">
    <subfield code="a">SEG42</subfield>
  </datafield>
  <datafield tag="526" ind1=" " ind2=" ">
    <subfield code="a">SEG41</subfield>
  </datafield>
  <datafield tag="526" ind1=" " ind2=" ">
    <subfield code="a">SEG40</subfield>
  </datafield>
  <datafield tag="526" ind1=" " ind2=" ">
    <subfield code="a">SEG39</subfield>
  </datafield>
  <datafield tag="526" ind1=" " ind2=" ">
    <subfield code="a">P94</subfield>
  </datafield>
  <datafield tag="526" ind1=" " ind2=" ">
    <subfield code="a">P87</subfield>
  </datafield>
  <datafield tag="526" ind1=" " ind2=" ">
    <subfield code="a">P86</subfield>
  </datafield>
  <datafield tag="526" ind1=" " ind2=" ">
    <subfield code="a">P85</subfield>
  </datafield>
  <datafield tag="526" ind1=" " ind2=" ">
    <subfield code="a">P77</subfield>
  </datafield>
  <datafield tag="526" ind1=" " ind2=" ">
    <subfield code="a">P76</subfield>
  </datafield>
  <datafield tag="526" ind1=" " ind2=" ">
    <subfield code="a">P35</subfield>
  </datafield>
  <datafield tag="541" ind1=" " ind2=" ">
    <subfield code="g">071-0133810;</subfield>
  </datafield>
  <datafield tag="650" ind1="0" ind2="4">
    <subfield code="a">Autorrealizaci&#xF3;n</subfield>
    <subfield code="x">Cristianismo.</subfield>
  </datafield>
  <datafield tag="650" ind1="0" ind2="4">
    <subfield code="a">Autorrealizaci&#xF3;n (Psicolog&#xED;a).</subfield>
  </datafield>
  <datafield tag="650" ind1="0" ind2="4">
    <subfield code="a">Personalidad.</subfield>
    <subfield code="9">1760</subfield>
  </datafield>
  <datafield tag="700" ind1="1" ind2=" ">
    <subfield code="a">Monsalve, Raquel,</subfield>
    <subfield code="e">tr.</subfield>
  </datafield>
  <datafield tag="910" ind1=" " ind2=" ">
    <subfield code="a">gl</subfield>
    <subfield code="c">jck</subfield>
    <subfield code="d">20121211</subfield>
  </datafield>
  <datafield tag="942" ind1=" " ind2=" ">
    <subfield code="2">ddc</subfield>
    <subfield code="c">BOOK</subfield>
  </datafield>
  <datafield tag="949" ind1=" " ind2=" ">
    <subfield code="a">248.4 M27</subfield>
    <subfield code="w">DEWEY</subfield>
    <subfield code="c">1</subfield>
    <subfield code="i">65902</subfield>
    <subfield code="l">CCODEBUL1</subfield>
    <subfield code="m">BUL</subfield>
    <subfield code="p">14.00</subfield>
    <subfield code="r">0</subfield>
    <subfield code="s">Y</subfield>
    <subfield code="t">BOOK</subfield>
    <subfield code="u">2015-7-6</subfield>
    <subfield code="x">FCE</subfield>
    <subfield code="P">P04</subfield>
    <subfield code="o">.STAFF. Colecci&#xF3;n General</subfield>
  </datafield>
  <datafield tag="994" ind1=" " ind2=" ">
    <subfield code="a">C0</subfield>
    <subfield code="b">PEPRU</subfield>
  </datafield>
  <datafield tag="596" ind1=" " ind2=" ">
    <subfield code="a">1</subfield>
  </datafield>
  <datafield tag="999" ind1=" " ind2=" ">
    <subfield code="a">248.4 M27</subfield>
    <subfield code="w">DEWEY</subfield>
    <subfield code="c">54283</subfield>
    <subfield code="i">65902</subfield>
    <subfield code="f">2021-11-10</subfield>
    <subfield code="g">5</subfield>
    <subfield code="l">CCODEBUL1</subfield>
    <subfield code="m">BUL</subfield>
    <subfield code="p">14.00</subfield>
    <subfield code="r">0</subfield>
    <subfield code="s">Y</subfield>
    <subfield code="t">BOOK</subfield>
    <subfield code="u">2015-7-6</subfield>
    <subfield code="x">TEOLOGIA</subfield>
    <subfield code="P">P04</subfield>
    <subfield code="0">COMPRA</subfield>
    <subfield code="o">.STAFF. Colecci&#xF3;n General</subfield>
    <subfield code="d">54283</subfield>
  </datafield>
  <datafield tag="980" ind1=" " ind2=" ">
    <subfield code="8">1</subfield>
    <subfield code="g">ALBERTO SANCHEZ Responsable de Automatizaci&#xF3;n</subfield>
  </datafield>
  <datafield tag="952" ind1=" " ind2=" ">
    <subfield code="r">2025-12-03 00:00:00</subfield>
    <subfield code="i">6</subfield>
    <subfield code="l">0</subfield>
    <subfield code="o">248.4 M27</subfield>
    <subfield code="p">65902</subfield>
    <subfield code="t">e1</subfield>
    <subfield code="v">19.00</subfield>
    <subfield code="w">2015-07-06</subfield>
    <subfield code="x">FCE</subfield>
    <subfield code="y">BK</subfield>
    <subfield code="z">inventario-2023-12-13</subfield>
    <subfield code="1">0</subfield>
    <subfield code="2">ddc</subfield>
    <subfield code="5">0</subfield>
    <subfield code="7">0</subfield>
    <subfield code="8">GEN</subfield>
    <subfield code="f">P04</subfield>
    <subfield code="a">BUL</subfield>
    <subfield code="b">BUL</subfield>
    <subfield code="c">GEN</subfield>
    <subfield code="d">2015-07-06</subfield>
    <subfield code="e">COMPRA</subfield>
    <subfield code="g">14.00</subfield>
  </datafield>
</record>
